Italian Music Composers--Sudden Death - Statistics

General Stats
  • This quiz has been taken 38 times
  • The average score is 7 of 14
Answers on the Grid
Answers color-coded by a green-red scale on the quiz's grid according to % correct below.
Niccolo Paganini
Harry Houdini
Benito Musolinni
Canio Pagliacci
Giacomo Puccini
Antonio Vivaldi
Michael Giacchino
Luciano Pavarotti
Nicola Piovani
Giuseppe Tartini
Francesco Totti
Gianluigi Buffon
Ennio Morricone
Gioachino Rossini
Domenico Dragonetti
Tony Lazzeri
Ron Santo
Claudio Montiverde
Giovanni Messe
Gaentano Donisetti
Yogi Berra
Leonardo da Vinci
Marco Polo
Carlo Gesualdo
Domenico Scarlatti
Alfredo Guzzoni
Roberto Benigni
Giorgio Cantarini
Giovanni Pergolessi
Ludovico Einaudi
 
Answer Stats
Answer % Correct
Antonio Vivaldi
96%
Giacomo Puccini
84%
Niccolo Paganini
84%
Ennio Morricone
76%
Gioachino Rossini
72%
Domenico Scarlatti
48%
Claudio Montiverde
40%
Ludovico Einaudi
40%
Gaentano Donisetti
36%
Giuseppe Tartini
24%
Nicola Piovani
24%
Giovanni Pergolessi
20%
Domenico Dragonetti
16%
Carlo Gesualdo
4%
No matching quizzes found
Score Distribution
Percent of People with Each Score
Percentile by Number Answered
Your Score History
You have not taken this quiz